000 00353nam a2200169Ia 4500
003 0STCL
008 150530s9999 xx 000 0 und d
040 _aSTCL
_cSTCL
100 _aBelloc, H.
245 _aOn something
250 _aSeventh
260 _c1931
546 _aEnglish
942 _2ddc
_cBK
999 _c60093
_d60093
005 20220125171129.0